Konsum-und Investitionsverhalten in der Bundesrepublik Deutschland seit den fünfziger Jahren
Enregistré dans:
| Auteur principal: | |
|---|---|
| Autres auteurs: | , |
| Format: | Livre |
| Langue: | allemand |
| Publié: |
Berlin
Duncker und Humblot
1980
|
| Tags: |
Pas de tags, Soyez le premier à ajouter un tag!
|
MARC
| LEADER | 00000nam a2200000 4500 | ||
|---|---|---|---|
| 001 | c128584 | ||
| 005 | 20041019155243.9 | ||
| 041 | 0 | |a ger | |
| 044 | |a DE | ||
| 245 | 1 | 0 | |a Konsum-und Investitionsverhalten in der Bundesrepublik Deutschland seit den fünfziger Jahren |c Fokion Fotiadis, Jürgen W. Hutzel, Susanne Wied-Nebbeling |
| 264 | 1 | |a Berlin |b Duncker und Humblot |c 1980 | |
| 300 | |a 430 s. | ||
| 100 | 1 | |a Fotiadis, Fokion | |
| 700 | 1 | |a Hutzel, Jürgen W. | |
| 700 | 1 | |a Wied-Nebbeling, Susanne | |